000 00370nam a2200145Ia 4500
008 210210b1982 xxu||||| |||| 00| 0 eng d
082 _a954.87 DOSH
100 _aDOSHI (Saryu). Ed.
245 _aHomage to Karnataka.
260 _aBombay
_bMarg Publications
_c1982
300 _a156
650 _aKarnataka in Pictures
690 _aKarnataka History
906 _a038195
999 _c88179
_d88179